El alma victoriosa de la pasión dominante por medio del examen particular de la conciencia de los ejercicios cotidianos...

Detalles Bibliográficos
Autor principal: HERNANDEZ, Francisco Javier
Formato: Libro
Publicado: Madrid 1777
Edición:2a imp.
Materias:
Colección:Banco de datos
Acervo:Biblioteca Nacional de Antropología e Historia. Fondo Conventual
Tema general:Homilética
Notas:Buena. XXV, 1, 24. Ex libris manuscrito de la Concepción Sánchez
LEADER 00812nam a22002050004500
035 |a 13943 
036 |a 1489 
100 1 |a HERNANDEZ, Francisco Javier 
245 1 0 |a El alma victoriosa de la pasión dominante por medio del examen particular de la conciencia de los ejercicios cotidianos... 
250 |a 2a imp. 
260 |a Madrid  |b imp. Blas Román  |c 1777 
500 |a Buena. XXV, 1, 24. Ex libris manuscrito de la Concepción Sánchez 
650 1 0 |a Homilética 
949 |a B.N.A.H. 
959 |a Biblioteca Nacional de Antropología e Historia. Ciudad de México  |b CCC1 
960 |a Colección General de B.N.A.H. de la ciudad de México  |b DD58 
961 |a Varias Ordenes Religiosas  |b VO 
942 |c B.N.A.H. 
943 |g Biblioteca Nacional de Antropología e Historia. Fondo Conventual 
999 |c 1038475  |d 1038475